| 000 | 00757nam a2200217 a 4500 | ||
|---|---|---|---|
| 005 | 20210223122949.0 | ||
| 008 | 991125s1976 par 000 0 spa u | ||
| 020 | _a9233013928 | ||
| 035 | _aUPN01000044941 | ||
| 049 | _aCG | ||
| 050 | 4 |
_aLB1044 S3 _bCH3.6 |
|
| 100 | 1 |
_aChander, Romesh, _d1915- |
|
| 245 | 1 | 0 |
_aPlaneamiento de radiodifusión por satélite : _bel experimento de televisión educativa en la India / _cpor Romesh Chander, Kiran Karnik. |
| 260 |
_aParís : _bUNESCO, _c1976. |
||
| 300 | _a75 p. | ||
| 440 | 0 |
_aEstudios y documentos de comunicación social ; _v78 |
|
| 500 | _a"Serie publicada en español, francés e inglés" | ||
| 650 | 4 |
_aTELEVISION EN LA EDUCACION - _zINDIA _921587 |
|
| 700 | 1 |
_aKarnik, Kiran, _ecoaut. |
|
| 905 | _aLibro | ||
| 999 |
_c44941 _d44941 |
||